I Wish - One Direction (All Lyrics) - Statistics

General Stats
  • This quiz has been taken 62 times
  • The average score is 216 of 266
Answer Stats
Lyrics % Correct
A
93%
He
93%
I
93%
You
93%
'Cause
90%
Do
90%
Don't
90%
Me
90%
That?
90%
That
90%
Was
90%
Wish
90%
At
87%
But
87%
Dancing
87%
I'm
87%
My
87%
Na
87%
Oh,
87%
See
87%
Slow
87%
When
87%
And
83%
Apart
83%
Die
83%
Him,
83%
How
83%
In
83%
Little
83%
Look
83%
Takes
83%
The
83%
Whenever
83%
With
83%
Your
83%
Hand,
80%
Hear
80%
It
80%
Kiss
80%
Tearing
80%
Then
80%
To
80%
Breaking
77%
Can't
77%
Like
77%
Say
77%
We
77%
Why
77%
By,
73%
Get
73%
Heart
73%
Looks
73%
Of
73%
On
73%
Try
73%
Way
73%
Would
73%
Beat
70%
Could
70%
Eyes,
70%
Know
67%
Near
67%
Never
67%
Tell
67%
Walk
67%
Been
63%
Things
63%
Time
63%
Watch
63%
Back
60%
Got
60%
I've
60%
Louder
60%
Words
60%
All
57%
Dying
57%
Getting
57%
Hands
57%
Just
57%
Moonlight
57%
Wanna
57%
Dance
53%
Does
53%
Freeze
53%
Night
53%
Three
53%
Tongue
53%
Turn
53%
Waist
53%
Always
50%
Gets
50%
Good
50%
If
50%
Tied,
50%
Call
47%
Only
47%
You'll
47%
While
43%
Riddles
40%
Trapped
33%
Later
23%
No matching quizzes found
Score Distribution
Percent of People with Each Score
Percentile by Number Answered
Your Score History
You have not taken this quiz